|
|
|
|
| LEADER |
02053nam a2200361 a 4500 |
| 001 |
344538 |
| 003 |
BD-DhAAL |
| 008 |
090720s2006 sz a b i 001 0 eng d |
| 020 |
|
|
|a 9241563176
|
| 020 |
|
|
|a 9789241563178
|
| 040 |
|
|
|a OS2
|c OS2
|d CUX
|d BAKER
|d NLGGC
|d VP@
|d UBA
|d YDXCP
|d MNY
|d OCLCQ
|d BD-DhAAL
|
| 082 |
|
|
|a 362.2/042
|2 22
|
| 110 |
2 |
|
|a World Health Organization.
|
| 245 |
|
|
|a The world health report 2006 :
|b working together for health /
|c World Health Organization.
|
| 246 |
|
|
|a Working together for health
|
| 260 |
|
|
|a Geneva :
|b World Health Organization,
|c c2006.
|
| 300 |
|
|
|a xxvi, 209 pages :
|b ill. ;
|c 26 cm.
|
| 500 |
|
|
|a Principle authors: Lincoln Chen, David Evans, Tim Evans, Ritu Sadana, Barbara Stilwell, Phylida Travis, Wim Van Lerberghe and Pascal Zurn--T.p. verso.
|
| 504 |
|
|
|a Includes bibliographical references and index.
|
| 505 |
0 |
|
|a Health workers : a global profile -- Responding to urgent health needs -- Preparing the health workforce -- Making the most of existing health workers -- Managing exits from the workforce -- Formulating national health workforce strategies -- Working together, within and across countries -- Statistical annex.
|
| 526 |
|
|
|x Salim khan
Sr. program Associate
James P. Grant School.
Course name and no. N/A
|
| 541 |
1 |
|
|a A H Development publishing house
|e 00018453
|
| 610 |
|
|
|a World Health Organization.
|
| 650 |
|
|
|a World health.
|
| 650 |
|
|
|a Global Health.
|9 57825
|
| 650 |
|
|
|a Public health personnel.
|
| 650 |
|
|
|a Health Status
|x statistics and numerical data.
|9 57826
|
| 650 |
|
|
|a World Health
|x statistics and numerical data.
|9 57827
|
| 650 |
|
|
|a Health Policy
|x trends.
|9 57828
|
| 852 |
4 |
|
|a SPH
|j General Shelf.
|
| 942 |
|
|
|2 ddc
|c BK
|
| 999 |
|
|
|c 2558
|d 2558
|
| 952 |
|
|
|0 0
|1 0
|2 ddc
|4 0
|6 362_204200000000000_WOR
|7 0
|9 8547
|a JPGSPH
|b JPGSPH
|d 2010-03-10
|e A H Development publishing house
|g 1500.00
|l 0
|o 362.2042 WOR
|p 3060018453
|r 2010-03-10
|t 1
|w 2010-03-10
|y BK
|x Requisitioned by Salim khan, Sr. program Associate, James P. Grant School. Course name and no. N/A
|